| 000 | 00549nam a2200181Ia 4500 | ||
|---|---|---|---|
| 008 | 090630s9999 xx 000 0 und d | ||
| 082 | _b10415 | ||
| 100 | _aभोगले प्रभाकर. | ||
| 245 |
_aशाली. _cभोगले प्रभाकर. |
||
| 260 |
_bप्रिया. _c1984 |
||
| 300 | _a271 | ||
| 600 | _aभोगले प्रभाकर. | ||
| 630 | _aशाली. | ||
| 655 | _aकादंबरी. | ||
| 700 | _aभोगले प्रभाकर. | ||
| 730 | _aशाली. | ||
| 942 | _cBOOK | ||
| 999 |
_c262271 _d262271 |
||